| 000 | 00930nas a2200277 4500 | ||
|---|---|---|---|
| 001 | BR7701069 | ||
| 003 | BR-BrBNA | ||
| 005 | 20231205083110.0 | ||
| 007 | ta | ||
| 008 | 230509b bl.|||p| |||| 00| 00por d | ||
| 040 |
_aBR-BrBNA _bpor _cBiblioteca Nacional de Agricultura |
||
| 041 | _a(Pt) | ||
| 072 | _aF27; F00 | ||
| 100 | 1 | _aSantos Filho, J.M. dos | |
| 100 | 1 | _aPorto, M.C.M. | |
| 100 | 1 | _aBergamaschi, H. | |
| 100 | 1 | _aBarni, N.A. | |
| 100 | 1 | _aMinor, H.C. | |
| 245 | 1 | _aInfluencia da irrigacao durante o periodo reprodutivo e de tres espacamentos entre fileiras sobre a relacao ramificacoes caule em tres parametros da soja, Glycine max (L.)Merrill [Brasil] | |
| 650 | _aCULTURA IRRIGADA | ||
| 650 | _aSOJA | ||
| 650 | _aESPACAMENTO | ||
| 773 | 0 |
_tAgronomia Sulriograndense (Brazil) _xISSN 0400-8111 _g(1976), v. 12(2) p. 111-121 _wBR7701069 |
|
| 909 |
_a202311 _bLúcia _c55 _dLúcia Elande |
||
| 942 |
_2AGRIS _n0 _cANA |
||
| 999 |
_c96387 _d96387 |
||